Music Quiz

Random Music or Kpop Quiz

K-pop Idols With Stronge Voices Quiz Stats

 Plays Quiz not verified by Sporcle

Challenge
Share
Tweet
Score 0/20 Timer 13:00
0 Plays Today
% Correct
Chen
94.4%
Jonghyun
91.3%
Taeyang
90.5%
Daesung
89.7%
IU
88%
Taeyeon
87.3%
Wendy
86.8%
Hyolyn
84.7%
Park Bom
84%
Seungkwan
80.2%
% Correct
Solar
79.1%
Ailee
72%
Eunkwang
68.7%
Seungyoon
68.5%
Eunji
64.4%
Luna
63.4%
Junhoe
61.9%
Lee HI
55.7%
Hongki
52.7%
Junsu
41.7%

You're not logged in!

Compare scores with friends on all Sporcle quizzes.
OR
Log In

You Might Also Like...

Show Comments

Extras

Created Feb 25, 2018ReportNominate
Tags:Kpop Quiz, k-pop, kpop idol, Kpop Quiz

Top Quizzes Today


Score Distribution

Your Account Isn't Verified!

In order to create a playlist on Sporcle, you need to verify the email address you used during registration. Go to your Sporcle Settings to finish the process.

Report this User

Report this user for behavior that violates our Community Guidelines.

Details: